00436nam a22001452 4500001001100000005001700011008004100028040001500069050002000084100003400104245006000138260003900198300001100237650004200248000000480220151217155826.0070530s xx 000 0 eng d aKABUcKABU 0aSK324b.A354L961 aLynn-Allen, B. G.@000015561510aShot-gun and sunlight :bthe game birds of East Africa. aLondon :bBatchworth Press,c1951. a416 p. 0aGame birdszAfrica, East.@0000155616